000 00653nam a22002417a 4500
003 LK-CoDNM
005 20250131154524.0
008 250131b |||||||| |||| 00| 0 eng d
040 _aLK-CoDNM
_dLK-CoDNM
_eLK-CoDNM
041 _aeng
080 _a13
_bW15
100 _aOlin E. Nelsen
245 _aComparative Embryology Of The Vertebrates
260 _aNew York, Toronto, London
_bMcGraw - Hill Book Company, INC.
_g1953
300 _axxiii,982. : ill ; 23 cm
650 _aScience
650 _aReproduction
650 _aOrgans
650 _aHuman Body
650 _aIntegumentary System
650 _aDigestive System
942 _cBK
999 _c237755
_d237755